| 000 | 01675nam0a2200313 i 4500 | ||
|---|---|---|---|
| 001 | RU\NLR\BIBL_A\010892912 | ||
| 005 | 20241110073431.0 | ||
| 010 |
_a9785979513799 _950 |
||
| 021 |
_aRU _b2015-83185 _95072 |
||
| 035 | _a(NILC)RuMoRGB-008052309 | ||
| 035 | _a(NLR Aleph) 010892912 | ||
| 090 |
_a10563345 _c10563345 |
||
| 100 | _a20151113d2015 k y0rusy50 ca | ||
| 101 | 0 | _arus | |
| 102 | _aRU | ||
| 105 | _aa|||z||||||y| | ||
| 200 | 1 |
_aОсобенности анализа эффективности и управление инвестиционными проектами в условиях неопределенности _fТ. В. Денисова _gМ-во образования и науки Российской Федерации, Федеральное гос. бюджетное образовательное учреждение высш. проф. образования "Ульяновский гос. технический ун-т" |
|
| 210 |
_aУльяновск _cУлГТУ _d2015 |
||
| 215 |
_a86 с. _cил., табл. _d21 |
||
| 320 | _aБиблиогр.: с. 83-86 | ||
| 606 |
_aИнвестиционные проекты _xУправление _92100037 _3RU\NLR\AUTH\661270187 |
||
| 606 |
_aИнвестиционные проекты _xЭкономический анализ _92111292 _3RU\NLR\AUTH\661275943 |
||
| 686 | 1 | _aУ5-56в611 | |
| 700 | 1 |
_aДенисова _bТ. В. _cканд. экон. наук, инвестиционный анализ _gТатьяна Валентиновна _9152053 _3RU\NLR\AUTH\770152091 |
|
| 801 | 0 |
_aRU _bРГБ _c20151026 _gRCR |
|
| 942 | _cBOOK | ||
| 980 | _aNBR | ||